Logo CIB grande

DICCIONARIO BIOGRAFICO DEL ECUADOR TOMO V (Registro nro. 199834)

Detalles MARC
000 -LEADER
campo de control de longitud fija 00576nam a2200229Ia 4500
003 - IDENTIFICADOR DE NÚMERO DE CONTROL
campo de control EC-GqESP
005 - FECHA Y HORA DE LA ÚLTIMA TRANSACCIÓN
campo de control 20250930105953.0
008 - DATOS DE LONGITUD FIJA--INFORMACIÓN GENERAL
campo de control de longitud fija 250425s9999 xx 000 0 und d
010 ## - NÚMERO DE CONTROL DE LA BIBLIOTECA DEL CONGRESO
Número de control de LC 9494
041 ## - CÓDIGO DE IDIOMA
Código de lengua del texto/banda sonora o título independiente spa
082 ## - NÚMERO DE LA CLASIFICACIÓN DECIMAL DEWEY
Número de clasificación 920.9866
100 ## - ENTRADA PRINCIPAL--NOMBRE DE PERSONA
Nombre de persona PEREZ PIMENTEL, RODOLFO
245 #0 - MENCIÓN DEL TÍTULO
Título DICCIONARIO BIOGRAFICO DEL ECUADOR TOMO V
250 ## - MENCION DE EDICION
Mención de edición 1A ED.
260 ## - PUBLICACIÓN, DISTRIBUCIÓN, ETC.
Lugar de publicación, distribución, etc. Ecuador
Nombre del editor, distribuidor, etc. DE LA UNIVERSIDAD DE GUAYAQUIL
Fecha de publicación, distribución, etc. 1987
260 ## - PUBLICACIÓN, DISTRIBUCIÓN, ETC.
Lugar de publicación, distribución, etc. GUAYAQUIL
300 ## - DESCRIPCIÓN FÍSICA
Extensión 402
650 ## - PUNTO DE ACCESO ADICIONAL DE MATERIA--TÉRMINO DE MATERIA
Término de materia o nombre geográfico como elemento de entrada BIOGRAFIAS
650 ## - PUNTO DE ACCESO ADICIONAL DE MATERIA--TÉRMINO DE MATERIA
Término de materia o nombre geográfico como elemento de entrada BIOGRAFIAS-DICCIONARIOS
650 ## - PUNTO DE ACCESO ADICIONAL DE MATERIA--TÉRMINO DE MATERIA
Término de materia o nombre geográfico como elemento de entrada BIOGRAFIAS-ECUADOR
942 ## - ELEMENTOS DE ENTRADA SECUNDARIOS (KOHA)
Tipo de ítem Koha Libros
Existencias
Estatus retirado Estado de pérdida Estado de daño No para préstamo Biblioteca de origen Biblioteca actual Fecha de adquisición Coste, precio normal de compra Total de préstamos Código de barras Copia número Tipo de ítem Koha Fuente de la clasificación o esquema de estantería Etiqueta RFID Signatura topográfica completa Visto por última vez Fecha de reemplazo
        CENTRO DE INFORMACIÓN BIBLIOTECARIA CENTRO DE INFORMACIÓN BIBLIOTECARIA 26/06/1998 0.01   25173 1 Libros          
        CENTRO DE INFORMACIÓN BIBLIOTECARIA CENTRO DE INFORMACIÓN BIBLIOTECARIA 30/09/2025 2.00   D-202590 2 Libros Clasificación Decimal Dewey 0000000000000000038057 920.9866 30/09/2025 30/09/2025

Copyright 2025 ESPOL. Todos los derechos reservados.